00673nam a2200217Ia 450000500170000000800410001702000230005804000190008104100120010008200230011210000240013524500710015926000410023030000130027144000540028450400360033863000220037465000200039665100290041685000100044520210927125309.0131103s9999 xx 000 0 und d a041536096XcRs 495 aLoreto College aEnglish a320.01(I)bGAN-CHA aChakrabarty, Bidyut aSocial and political thought of Mahatma GandhicBidyut Chakrabarty aLondon and New YorkbRoutledgec2006 axi,234p  aRoutledge Studies in Social and Political Thought aIncludes bibliography and index aPolitical Thought aGandhi, Mahatma aPolitical Thought, India aLCLIB